Mes 15 brawlers avec le plus de trophées - Statistiques

Statistiques générales
  • Ce quiz a été pris 99 fois
  • Le résultat moyen est 5 sur 15
Statistiques - réponses
Trophées Réponse % Correct
724 Edgay
84%
541 Colt
67%
632 Corbac
64%
766 Léon
59%
569 Dynamike
35%
680 Fang
29%
604 Buzz
22%
626 Billie
19%
754 Max
17%
581 Cordelius
16%
548 Mico
13%
601 Nani
9%
555 Carl
7%
608 Mélodie
6%
633 Buster
4%
Aucun quiz correspondant
Distribution des résultats
% des personnes avec chaque résultat
Percentile par nombre de réponses
Votre historique - résultats
Vous n’avez pas pris ce quiz